[Event "Challenge"]
[Site "http://www.queenalice.com/game.php?id=1855207"]
[Date "2025.4.9"]
[Round "-"]
[White "Scar"]
[Black "Givanildo"]
[Result "1-0"]
[WhiteElo "1689"]
[BlackElo "1542"]

1. e4 d5 2. e5 Bf5 3. d4 e6 4. h4 Be7 5. Bg5 Bxg5 6. hxg5 Qxg5 7. Nf3 Qe7 8. Nc3
Nh6 9. Be2 Ng4 10. Qd2 Nd7 11. Nb5 O-O 12. Bd3 Bxd3 13. Qxd3 h6 14. Nxc7 Rac8
15. Nb5 f5 16. exf6 Qxf6 17. Nxa7 Rc4 18. c3 e5 19. dxe5 Ndxe5 20. Qxd5+ Kh8 21.
Rd1 Re8 22. O-O Nxf3+ 23. Qxf3 Qe5 24. g3 Qh5 25. Qg2 Rf8 26. Nb5 Qxb5 27. Rd4
Rc6 28. Rxg4 g5 29. Rb4 Qe5 30. Rxb7 Rcf6 31. a4 g4 32. c4 Rf3 33. Rb5 Qe2 34.
b3 Qe8 35. a5 h5 36. Qh2 R8f5 37. Rxf5 Rxf5 38. b4 1-0

[Event "Challenge"]
[Site "http://www.queenalice.com/game.php?id=1855208"]
[Date "2025.4.9"]
[Round "-"]
[White "Givanildo"]
[Black "Scar"]
[Result "0-1"]
[WhiteElo "1553"]
[BlackElo "1678"]

1. d4 d5 2. Bf4 f6 3. e3 h5 4. Be2 g5 5. Bxh5+ Kd7 6. Bg4+ e6 7. Bg3 Nc6 8. a3
Bg7 9. Ne2 Nge7 10. O-O f5 11. Nec3 fxg4 12. Qxg4 Bf6 13. Nd2 Qg8 14. Nb5 Ne5
15. dxe5 Bxe5 16. f4 gxf4 17. Qxg8 Nxg8 18. exf4 Bxb2 19. Rab1 Bf6 20. f5 e5 21.
Rfd1 c6 22. Nc3 Kc7 23. Na4 Bxf5 24. Rb2 Kc8 25. Rdb1 b5 26. Nc5 a6 27. c4 Bxb1
28. Rxb1 dxc4 29. Nde4 Rh5 30. Rd1 Ra7 31. Nd6+ Kc7 32. Ne6+ Kb8 33. Bf2 Re7 34.
Nc5 a5 35. Na6+ Ka8 36. Nc8 Rg7 0-1

[Event "Challenge"]
[Site "http://www.queenalice.com/game.php?id=1855209"]
[Date "2025.4.9"]
[Round "-"]
[White "Scar"]
[Black "Charles56"]
[Result "0-1"]
[WhiteElo "1741"]
[BlackElo "1747"]

1. e4 e5 2. d4 exd4 3. Qxd4 Nc6 4. Qd1 Bb4+ 5. c3 Ba5 6. Be3 d6 7. Be2 Be6 8.
Nf3 h6 9. b4 Bb6 10. Bxb6 axb6 11. a3 Nf6 12. Nbd2 Qd7 13. Bd3 Ne5 14. Nxe5 dxe5
15. Bc2 c5 16. bxc5 bxc5 17. a4 O-O 18. O-O Rfd8 19. Nf3 Qc7 20. Qe2 c4 21. Rad1
Rxd1 22. Rxd1 Qa5 23. Qe1 Bg4 24. h3 Bxf3 25. gxf3 Nh5 26. Rd5 Qc7 27. Qd1 Nf4
28. Rd7 Qc6 29. h4 Qg6+ 30. Kf1 Qg2+ 31. Ke1 Qg1+ 32. Kd2 Qxf2+ 33. Kc1 Qe3+ 34.
Kb2 Qb6+ 35. Ka1 Qc5 36. Ka2 b5 37. Rd8+ Rxd8 38. Qxd8+ Kh7 39. Qa5 Qf2 40. Kb2
Nd3+ 41. Kb1 Qe1+ 42. Ka2 Qc1 43. Bxd3 cxd3 44. Qxb5 Qc2+ 45. Qb2 Qxa4+ 46. Kb1
Qd1+ 47. Ka2 Qxf3 48. Qd2 Qxe4 49. Kb3 Qe2 50. Qb2 d2 51. Qc2+ g6 52. c4 d1=Q
53. Qxd1 Qxd1+ 54. Kb4 Qb1+ 55. Kc5 e4 56. Kd4 Qd3+ 57. Ke5 Qxc4 58. Kf6 Qe6#
0-1

[Event "Challenge"]
[Site "http://www.queenalice.com/game.php?id=1855210"]
[Date "2025.4.9"]
[Round "-"]
[White "Charles56"]
[Black "Scar"]
[Result "1-0"]
[WhiteElo "1828"]
[BlackElo "1795"]

1. e4 e5 2. Nf3 d6 3. Na3 a6 4. d4 Nd7 5. c3 b5 6. dxe5 dxe5 7. Be3 Bxa3 8. bxa3
Qe7 9. Qb3 f6 10. a4 c6 11. axb5 axb5 12. Bd3 Qd6 13. c4 bxc4 14. Bxc4 Qe7 15.
Bxg8 Rxg8 16. Qxg8+ Nf8 17. Qc4 Bd7 18. O-O Ne6 19. Rfd1 Nf4 20. Bc5 Qd8 21.
Qg8# 1-0

[Event "Challenge"]
[Site "http://www.queenalice.com/game.php?id=1855405"]
[Date "2025.4.11"]
[Round "-"]
[White "Scar"]
[Black "Capixaba789"]
[Result "0-1"]
[WhiteElo "1794"]
[BlackElo "1858"]

1. e4 e5 2. d4 exd4 3. Qxd4 d6 4. e5 Nc6 5. Qa4 dxe5 6. Nc3 Nf6 7. b4 Bd7 8. Qb3
Be7 9. a3 O-O 10. Nf3 Nd4 11. Nxd4 exd4 12. Nd1 c5 13. Bd2 Re8 14. Be2 Bc6 15.
O-O cxb4 16. axb4 Bxb4 17. Bxb4 Rxe2 18. Qc4 Re8 19. Nb2 a6 20. Nd3 Qc8 21. Qxd4
Qf5 22. Qf4 Qg6 23. f3 Nd5 24. Qd2 Nxb4 25. Nxb4 Red8 26. Qf2 Bb5 27. Rfe1 h6
28. h3 a5 29. Qb6 Qxb6+ 30. Kh2 axb4 31. Rab1 Qc7+ 32. Kh1 Qg3 33. Rg1 Bc6 34.
Rxb4 Rd2 35. Rg4 Qxg4 36. hxg4 Rxc2 37. Kh2 Bxf3 38. Kg3 Rxg2+ 39. Rxg2 Bxg2 40.
Kxg2 Re8 0-1

[Event "Challenge"]
[Site "http://www.queenalice.com/game.php?id=1855406"]
[Date "2025.4.11"]
[Round "-"]
[White "Capixaba789"]
[Black "Scar"]
[Result "1-0"]
[WhiteElo "1856"]
[BlackElo "1808"]

1. d4 d5 2. Nc3 c6 3. f4 e6 4. Nf3 Bd7 5. e3 Be7 6. Bd3 Nf6 7. O-O O-O 8. Ne5
Be8 9. Ne2 Nbd7 10. Ng3 Nxe5 11. fxe5 Nd7 12. Qg4 f5 13. Qf3 Bg6 14. Bd2 Rf7 15.
a3 b6 16. b4 a6 17. Kh1 b5 18. Bc3 Qc7 19. Bb2 a5 20. bxa5 Rxa5 21. Ne2 Ra8 22.
Nf4 Raf8 23. Nxg6 hxg6 24. Qg3 Qd8 25. Qxg6 Re8 26. Qxe6 Nb8 27. Qg6 Ref8 28.
Rxf5 Rxf5 29. Bxf5 Nd7 30. Be6+ 1-0

[Event "Challenge"]
[Site "http://www.queenalice.com/game.php?id=1855743"]
[Date "2025.4.18"]
[Round "-"]
[White "Scar"]
[Black "Capixaba789"]
[Result "0-1"]
[WhiteElo "1738"]
[BlackElo "1836"]

1. e4 e5 2. d4 exd4 3. Qxd4 d6 4. Be2 Nc6 5. Qd1 Be6 6. Be3 Nf6 7. Nd2 Be7 8.
Bf3 O-O 9. g4 Ne5 10. h3 c5 11. b3 a5 12. Be2 d5 13. f3 d4 14. Bf2 Rb8 15. Nc4
Nc6 16. e5 Nd5 17. Qd2 Ncb4 18. Bd3 b5 19. Na3 Nxd3+ 20. Qxd3 c4 21. bxc4 Bxa3
22. cxd5 Bb2 23. Rb1 Bc3+ 24. Ke2 Qxd5 25. Bg3 Qb7 26. Kf2 b4 27. Ne2 Rfc8 28.
Nc1 Bc4 29. Qe4 Bd5 30. Qe2 Ra8 31. h4 Re8 32. Nd3 Bc4 33. Rbd1 Bxa2 34. Nc5 Qa7
35. Nd3 Bc4 36. Kg2 h6 37. f4 Qb7+ 38. Kh2 Bd5 39. Rhg1 Bf3 40. Qf1 Bxd1 41.
Qxd1 a4 42. Bf2 a3 43. Nc5 Qc6 44. Bxd4 a2 45. Nb3 a1=Q 46. Nxa1 Rxa1 47. Qd3
Rxg1 48. Kxg1 Rd8 0-1

[Event "Challenge"]
[Site "http://www.queenalice.com/game.php?id=1855744"]
[Date "2025.4.18"]
[Round "-"]
[White "Capixaba789"]
[Black "Scar"]
[Result "1/2-1/2"]
[WhiteElo "1839"]
[BlackElo "1725"]

1. d4 d5 2. Nc3 e6 3. e4 Nc6 4. exd5 exd5 5. Nf3 Be7 6. Be2 Bf6 7. O-O Be6 8. a3
Nge7 9. Bf4 h6 10. Ne5 Ng6 11. Nxg6 fxg6 12. Re1 O-O 13. Nb5 Rc8 14. Bf3 Re8 15.
Qd2 a6 16. Nc3 Bxd4 17. Bxh6 Bxc3 18. bxc3 gxh6 19. Qxh6 Qf6 20. Rad1 Ne5 21.
Be2 Re7 22. Rf1 Rh7 23. Qd2 c6 24. f4 Nf7 25. Qe3 Re8 26. Qg3 Bf5 27. Bd3 Bxd3
28. Rxd3 b5 29. f5 g5 30. Rd4 Re4 31. Rxe4 dxe4 32. Qe3 Qe5 33. Qg3 Qc5+ 34. Kh1
Kg7 35. Qg4 Rh4 36. Qg3 Qc4 37. Re1 Kf6 38. Qe3 Nd6 39. Rd1 Nxf5 40. Qb6 Qxc3
41. Qd8+ Ne7 42. Qf8+ Ke6 43. Qd8 Nd5 44. Qg8+ Kd6 45. Qxg5 Rf4 46. Rxd5+ cxd5
47. Qxf4+ Kc6 48. Qh6+ Kb7 49. Qh7+ Qc7 50. Qxc7+ Kxc7 51. h4 Kd7 52. h5 Ke7 53.
g4 d4 54. Kg1 Kf7 55. Kf2 e3+ 56. Ke2 a5 57. g5 b4 58. a4 Kg7 59. Kd3 Kh7 60.
g6+ Kh6 61. Ke2 Kg7 1/2-1/2

[Event "Let's Play Chess!"]
[Site "http://www.queenalice.com/game.php?id=1856137"]
[Date "2025.4.25"]
[Round "-"]
[White "Scar"]
[Black "Charles56"]
[Result "0-1"]
[WhiteElo "1714"]
[BlackElo "1793"]

1. e4 e5 2. d4 exd4 3. Qxd4 Nc6 4. Qd1 Bb4+ 5. c3 Ba5 6. b4 Bb6 7. Be3 Bxe3 8.
fxe3 d6 9. Bb5 Bd7 10. Nf3 a6 11. Bxc6 Bxc6 12. Nbd2 Qe7 13. Qc2 f5 14. Nd4 Bxe4
15. Nxe4 fxe4 16. O-O Nh6 17. a4 g6 18. c4 O-O-O 19. a5 c5 20. bxc5 dxc5 21. Nb3
Ng4 22. Rae1 Qe5 23. g3 h5 24. Re2 h4 25. Rf4 hxg3 26. Rxg4 gxh2+ 27. Rxh2 Rxh2
28. Qxh2 Qc3 29. Qa2 Qxe3+ 30. Kg2 Qf3+ 31. Kh2 Qxg4 32. Qg2 Rh8+ 33. Kg1 Qd1+
34. Kf2 Qxb3 35. Qxe4 Rh2+ 36. Kg1 Ra2 37. Qe8+ Kc7 38. Qe5+ Kc8 39. Qe8+ Kc7
40. Qe5+ Kd7 41. Qd5+ Ke8 42. Qe6+ Kf8 43. Qf6+ Ke8 44. Qxg6+ Ke7 45. Qg5+ Ke6
46. Qg8+ Ke5 47. Qd5+ Kf4 48. Qe6 Qb1+ 0-1

[Event "Let's Play Chess!"]
[Site "http://www.queenalice.com/game.php?id=1856138"]
[Date "2025.4.25"]
[Round "-"]
[White "Charles56"]
[Black "Scar"]
[Result "1-0"]
[WhiteElo "1738"]
[BlackElo "1730"]

1. d4 d5 2. Nc3 e6 3. Nh3 Bd7 4. a3 Be7 5. Bf4 Nc6 6. e3 h5 7. Qf3 Bd6 8. Bxd6
cxd6 9. Nb5 Bc8 10. Qg3 g6 11. Nxd6+ Ke7 12. Nb5 e5 13. dxe5 Bxh3 14. Qh4+ f6
15. exf6+ Nxf6 16. Qxh3 a6 17. Nc3 Kf7 18. Bd3 Re8 19. O-O-O Re7 20. Qf3 Ne5 21.
Qg3 g5 22. Qxg5 Nxd3+ 23. Rxd3 Rd7 24. Rhd1 Qe7 25. Nxd5 Nxd5 26. Qxh5+ Kg7 27.
Rxd5 Rxd5 28. Rxd5 Rf8 29. Qg4+ Kf6 30. Rf5+ Ke6 31. Qe4+ Kd7 32. Qxb7+ Ke6 33.
Re5+ 1-0

[Event "Challenge"]
[Site "http://www.queenalice.com/game.php?id=1856152"]
[Date "2025.4.25"]
[Round "-"]
[White "Scar"]
[Black "digger"]
[Result "0-1"]
[WhiteElo "1684"]
[BlackElo "1630"]

1. e4 e5 2. d4 Qe7 3. d5 d6 4. Be2 c6 5. dxc6 bxc6 6. Be3 Bb7 7. Nf3 Nf6 8. Bd3
Ng4 9. Bd2 Qd7 10. Nc3 Be7 11. h3 Nf6 12. Qe2 c5 13. a3 Nc6 14. Bb5 a6 15. Bc4
O-O 16. Nd5 Na5 17. b3 Nxc4 18. bxc4 Nxd5 19. cxd5 Bd8 20. c4 Bf6 21. Rb1 h6 22.
g3 Rfb8 23. g4 Bc8 24. O-O g5 25. Nh2 Qc7 26. a4 Bd8 27. a5 Ra7 28. Rxb8 Qxb8
29. Qd3 Rb7 30. Kg2 Rb2 31. Bc3 Rb3 32. Rc1 Bxa5 33. Rc2 Bxc3 34. Rxc3 Rb2 35.
Nf1 Bd7 36. Nd2 Qb4 37. Rb3 Qxd2 38. Qxd2 Rxd2 39. Rb8+ Kg7 40. Ra8 Rc2 41. Kg3
Rxc4 42. f3 Bb5 43. Ra7 Rc1 44. Rb7 Rg1+ 45. Kf2 Rf1+ 46. Kg2 Kf6 47. Rb6 Ke7
48. Rxb5 axb5 49. Kxf1 Kd7 50. Ke2 Kc7 51. Kd3 Kb6 52. Kc3 Ka5 53. Kb3 f6 54.
Ka3 c4 55. Kb2 b4 56. Kc2 Ka4 57. Kb2 c3+ 58. Ka2 b3+ 59. Kb1 Ka3 60. Ka1 c2 61.
h4 b2# 0-1

[Event "Challenge"]
[Site "http://www.queenalice.com/game.php?id=1856153"]
[Date "2025.4.25"]
[Round "-"]
[White "digger"]
[Black "Scar"]
[Result "0-1"]
[WhiteElo "1652"]
[BlackElo "1666"]

1. d4 d5 2. Nf3 Bg4 3. Ne5 Be6 4. e3 Nc6 5. Bb5 Bd7 6. Nxd7 Qxd7 7. O-O a6 8.
Be2 e5 9. c3 e4 10. Bg4 f5 11. Bh3 Nge7 12. Qe2 O-O-O 13. f4 exf3 14. Rxf3 g6
15. Nd2 Bg7 16. b3 Rhf8 17. e4 dxe4 18. Nxe4 b6 19. Qxa6+ Kb8 20. Nf2 Nd5 21. c4
Ndb4 22. Qa4 Bxd4 23. Rb1 Qd6 24. a3 Na2 25. Bd2 Qf6 26. Qa6 Rfe8 27. c5 Bxc5
28. Bf4 Nc3 29. Rc1 Ne2+ 30. Kf1 Nxc1 31. Qc4 Ne2 32. Rd3 Rxd3 33. g3 Ne5 34.
Bxe5 Qxe5 35. Qxd3 Nd4 36. Kg2 Qe1 37. b4 Re3 38. Qf1 Qxf1+ 39. Kxf1 Bd6 40. Nd1
Rxa3 41. b5 Ra1 42. Ke1 Nf3+ 43. Ke2 Nxh2 44. Nc3 Bxg3 45. Kd3 Ra3 46. Kc4 h5
47. Bg2 g5 48. Kb4 Bd6+ 49. Kc4 h4 50. Bd5 f4 51. Kd3 g4 52. Kd2 g3 53. Bg2 f3
54. Bxf3 Nxf3+ 55. Kc2 h3 56. Kb2 Rxc3 57. Kxc3 g2 58. Kd3 g1=Q 59. Ke4 Qg4+ 60.
Ke3 Qf4+ 61. Kd3 Ne5+ 62. Kc3 h2 63. Kb3 Qc4+ 64. Kb2 Nd3+ 65. Kb1 h1=Q# 0-1

[Event "Challenge"]
[Site "http://www.queenalice.com/game.php?id=1856897"]
[Date "2025.5.7"]
[Round "-"]
[White "Scar"]
[Black "Capixaba789"]
[Result "0-1"]
[WhiteElo "1701"]
[BlackElo "1801"]

1. e4 e5 2. d4 exd4 3. Qxd4 d6 4. Be2 Bd7 5. c4 Nc6 6. Qd1 Nf6 7. Nc3 Be7 8. Be3
Ne5 9. h3 c5 10. Nd5 Nxd5 11. cxd5 a6 12. b3 b5 13. a3 Bg5 14. Bxg5 Qxg5 15. g3
Qg6 16. Qc2 O-O 17. g4 h5 18. gxh5 Qg2 19. O-O-O Qxh1 20. Qc3 Qxe4 21. f3 Qf5
22. Bd3 Nxd3+ 23. Rxd3 b4 24. axb4 Qxh5 25. f4 Rac8 26. bxc5 Rxc5 27. Qxc5 dxc5
28. Kd2 Bb5 29. Re3 Qh4 30. Rf3 Rd8 31. Ne2 Rxd5+ 32. Kc3 Bxe2 33. Re3 Rd3+ 34.
Rxd3 Bxd3 0-1

[Event "Challenge"]
[Site "http://www.queenalice.com/game.php?id=1856898"]
[Date "2025.5.7"]
[Round "-"]
[White "Capixaba789"]
[Black "Scar"]
[Result "1-0"]
[WhiteElo "1813"]
[BlackElo "1689"]

1. d4 d5 2. Nc3 c6 3. e4 dxe4 4. f3 exf3 5. Be3 fxg2 6. Bxg2 e6 7. Nf3 Be7 8.
Qe2 Nf6 9. O-O-O Nbd7 10. Ne5 Nxe5 11. dxe5 Nd7 12. Ne4 Qc7 13. Nd6+ Bxd6 14.
exd6 Qd8 15. c4 O-O 16. c5 b6 17. Bxc6 Nxc5 18. Bxa8 Qd7 19. Bf3 Ba6 20. Qg2 Bc4
21. Bc6 Qd8 22. Rhg1 g6 23. Qg3 a6 24. Bh6 f6 25. Bxf8 Kxf8 26. Kb1 Bb5 27. Bh1
e5 28. h4 e4 29. h5 Be8 30. Rge1 f5 31. Qe5 Nd3 32. Qh8+ Kf7 33. Qxh7+ Kf6 34.
Qh8+ Ke6 35. Rxd3 gxh5 36. Bxe4 1-0

[Event "Challenge"]
[Site "http://www.queenalice.com/game.php?id=1857029"]
[Date "2025.5.9"]
[Round "-"]
[White "Scar"]
[Black "Danado"]
[Result "1-0"]
[WhiteElo "1700"]
[BlackElo "1733"]

1. e4 e5 2. d4 exd4 3. Qxd4 Nc6 4. Qd1 Nf6 5. Nc3 Bc5 6. Qe2 a6 7. a3 Qe7 8. f3
Bxg1 9. Rxg1 O-O 10. Be3 Qd6 11. Rd1 Qe6 12. Rd2 Qe5 13. f4 Qh5 14. Qf2 Qxh2 15.
Qf3 Qh5 16. Qxh5 Nxh5 17. g4 Nf6 18. Bh3 d6 19. f5 Ne5 20. Nd5 Nxd5 21. Rxd5 Nc4
22. Bc1 Ne5 23. Bf1 Nf3+ 24. Kf2 Nxg1 25. Kxg1 b6 26. c4 Bb7 27. Rd4 Rfe8 28.
Bg2 Rab8 29. b4 h6 30. a4 Red8 31. Bf4 Re8 32. Kf2 Bc8 33. Kg3 Bd7 34. b5 axb5
35. axb5 Ra8 36. e5 dxe5 37. Bxe5 Rxe5 38. Bxa8 Re7 39. Bc6 Bxc6 40. bxc6 Re5
41. Kf4 Rc5 42. Rd8+ Kh7 43. Rd7 Rxc4+ 44. Ke5 Rxc6 45. Rxf7 Kg8 46. Rd7 Rc1 47.
Rd8+ Kh7 48. Ke6 Re1+ 49. Kf7 Rg1 50. Rg8 Rxg4 51. f6 h5 52. Rxg7+ Kh8 53. Rxg4
hxg4 54. Ke7 g3 55. f7 g2 56. f8=Q+ 1-0

[Event "Challenge"]
[Site "http://www.queenalice.com/game.php?id=1857030"]
[Date "2025.5.9"]
[Round "-"]
[White "Danado"]
[Black "Scar"]
[Result "0-1"]
[WhiteElo "1745"]
[BlackElo "1681"]

1. e4 e5 2. Nf3 d6 3. Bc4 h6 4. d4 f6 5. dxe5 dxe5 6. Bxg8 Rxg8 7. Qxd8+ Kxd8 8.
Nc3 b6 9. O-O Ba6 10. Re1 Nd7 11. Bd2 g5 12. Red1 Bd6 13. a3 c6 14. Bxg5 hxg5
15. Rxd6 Bb7 16. Rad1 Rg7 17. Rxf6 Kc7 18. Rfd6 g4 19. Nh4 a6 20. Ng6 Rd8 21.
Nxe5 Re7 22. Nxd7 Rdxd7 23. Rxd7+ Rxd7 24. Rxd7+ Kxd7 25. f4 gxf3 26. gxf3 b5
27. e5 c5 28. f4 Ke6 29. Kf2 Kf5 30. Kg3 Bc6 31. b4 c4 32. Ne2 Be4 33. c3 Bd3
34. Kf3 Be4+ 35. Ke3 Bd3 36. Nd4+ Kg6 37. h4 Bb1 38. Ne6 Bf5 39. Nc5 Bc8 40. Kf3
Kf5 41. Kg3 Kg6 42. a4 Kh5 43. Ne4 bxa4 44. Nd6 Be6 45. f5 a3 46. Ne4 a2 47.
fxe6 a1=Q 48. Nf6+ Kg6 49. e7 Qxc3+ 50. Kf4 Qd4+ 51. Ne4 Qd7 52. h5+ Kh6 53. Ng3
c3 0-1

[Event "Let's Play 855"]
[Site "http://www.queenalice.com/game.php?id=1857479"]
[Date "2025.5.29"]
[Round "-"]
[White "digger"]
[Black "Scar"]
[Result "1-0"]
[WhiteElo "1669"]
[BlackElo "1684"]

1. d4 d5 2. Nf3 Nc6 3. e3 a6 4. c4 dxc4 5. Bxc4 e6 6. O-O Bd7 7. b3 b5 8. Bd3
Bd6 9. Bb2 Nf6 10. Re1 O-O 11. e4 Bb4 12. Bc3 Ba5 13. Bxa5 Nxa5 14. Qd2 Nb7 15.
b4 c6 16. Ne5 Be8 17. Rc1 Qxd4 18. Nf3 Qd8 19. Rc3 Qc7 20. e5 Nd7 21. Qe3 c5 22.
Be4 Rb8 23. Bxb7 Rxb7 24. bxc5 Nb8 25. Nbd2 Nc6 26. Rb1 f6 27. exf6 Rxf6 28. Ne4
Rh6 29. g3 e5 30. Nd6 Rb8 31. Nxe5 Re6 32. f4 Bd7 33. Rd1 Nxe5 34. fxe5 b4 35.
Rb3 a5 36. Re1 Rf8 37. a3 Bc6 38. axb4 axb4 39. Rxb4 Bd5 40. Qd4 Qc6 41. Rb6 Qa8
42. h4 Rg6 43. Qd3 Rf4 44. Nf5 Bh1 45. Re2 Rxf5 46. Rxg6 hxg6 47. Qe3 Bf3 48.
Rf2 Bg4 49. Rc2 Rf3 50. Qe1 Qd5 51. Kh2 Qd3 52. Rd2 Qf1 53. Qxf1 Rxf1 54. Kg2
Rc1 55. Rd8+ Kf7 56. Rd5 Ke6 57. Rd6+ Kxe5 58. Rxg6 Rxc5 59. Rxg4 Rc2+ 60. Kh3
Kf6 61. Rf4+ Kg6 62. Kg4 Rh2 63. Rf5 Kh7 64. Rg5 Kh6 65. h5 Ra2 66. Rg6+ Kh7 67.
Kg5 Ra5+ 68. Kh4 1-0

[Event "Let's Play 856"]
[Site "http://www.queenalice.com/game.php?id=1857480"]
[Date "2025.5.29"]
[Round "-"]
[White "Scar"]
[Black "digger"]
[Result "1-0"]
[WhiteElo "1669"]
[BlackElo "1644"]

1. e4 e5 2. d4 Nc6 3. d5 Nce7 4. Bg5 d6 5. h3 h6 6. Be3 Nf6 7. Bd3 a6 8. Nf3 Ng6
9. g3 Be7 10. Nbd2 O-O 11. Nh2 Bxh3 12. g4 Bxg4 13. Nxg4 Nxg4 14. Qxg4 b5 15.
Nf3 f6 16. Qxg6 Qe8 17. Qf5 Qf7 18. Kd2 h5 19. Rag1 g5 20. Nh4 Qh7 21. Qe6+ Rf7
22. Nf5 Kf8 23. Be2 h4 24. Bg4 Ke8 25. Nxe7 Rxe7 26. Qf5 Qg7 27. f4 b4 28. fxg5
fxg5 29. Bh5+ Kd8 30. Bxg5 a5 31. Bxe7+ Qxe7 32. Rg8+ 1-0

[Event "Let's Play Chess!"]
[Site "http://www.queenalice.com/game.php?id=1858173"]
[Date "2025.6.3"]
[Round "-"]
[White "Charles56"]
[Black "Scar"]
[Result "1-0"]
[WhiteElo "1923"]
[BlackElo "1675"]

1. e4 e5 2. Nf3 d6 3. h3 b6 4. Bb5+ c6 5. Bc4 b5 6. Bb3 h6 7. Nh4 Qxh4 8. Qf3
Qe7 9. d3 a5 10. a3 Nf6 11. Be3 Nbd7 12. Nd2 Nb6 13. g4 g5 14. Bxb6 Bg7 15. Be3
Bb7 16. a4 b4 17. O-O-O d5 18. exd5 cxd5 19. d4 e4 20. Qe2 Ba6 21. Qe1 O-O 22.
Qg1 Rfc8 23. Kb1 Qd6 24. h4 Nh7 25. hxg5 1-0

[Event "Let's Play Chess!"]
[Site "http://www.queenalice.com/game.php?id=1858174"]
[Date "2025.6.3"]
[Round "-"]
[White "Scar"]
[Black "Charles56"]
[Result "0-1"]
[WhiteElo "1684"]
[BlackElo "1871"]

1. e4 e5 2. d4 exd4 3. Qxd4 Nc6 4. Qd1 Bb4+ 5. c3 Ba5 6. b4 Bb6 7. Be2 d6 8. Be3
Bxe3 9. fxe3 Nf6 10. Bf3 Qe7 11. Nd2 Be6 12. Ne2 Ne5 13. O-O O-O-O 14. Nf4 Nxf3+
15. Rxf3 Bd7 16. Nd5 Nxd5 17. exd5 g5 18. e4 h5 19. Qf1 Rdf8 20. a4 f5 21. Rxf5
Bxf5 22. exf5 Qe5 23. Qd3 Rxf5 24. Rd1 Qxd5 25. Qc2 Qe6 26. Nf3 Rhf8 0-1

[Event "Challenge"]
[Site "http://www.queenalice.com/game.php?id=1858315"]
[Date "2025.6.4"]
[Round "-"]
[White "Scar"]
[Black "Danado"]
[Result "0-1"]
[WhiteElo "1717"]
[BlackElo "1693"]

1. e4 e5 2. d4 exd4 3. Qxd4 Nc6 4. Qd1 Nf6 5. Nc3 Bc5 6. Qe2 d6 7. f3 Bb4 8. Bd2
Nd4 9. Qd1 Bxc3 10. Bxc3 Nc6 11. Bd3 O-O 12. Ne2 Re8 13. a3 Be6 14. b4 d5 15. e5
Nd7 16. f4 Nb6 17. a4 a5 18. b5 Na7 19. Bxa5 Re7 20. Bb4 Re8 0-1

[Event "Challenge"]
[Site "http://www.queenalice.com/game.php?id=1858317"]
[Date "2025.6.4"]
[Round "-"]
[White "Danado"]
[Black "Scar"]
[Result "1-0"]
[WhiteElo "1710"]
[BlackElo "1700"]

1. e4 e5 2. Nf3 d6 3. Nc3 c6 4. Bc4 h6 5. d3 a5 6. d4 b5 7. Bd3 Nd7 8. d5 Qb6 9.
Be3 Qc7 10. dxc6 Qxc6 11. Nd5 Bb7 12. Bxb5 Qc8 13. Bxd7+ Qxd7 14. Nb6 Qd8 15.
Nxa8 Bxa8 16. Qd2 f6 17. Qd3 Ne7 18. O-O-O Nc6 19. a3 Be7 20. Qb3 1-0